000 00691nam a2200217 a 4500
001 000013108
005 20240530073916.0
008 091120s2005 xxu 000 f spa d
020 _a188769126X
040 _aDO-SdBNP
_bspa
_cBNPHU
082 _aRD863.44
_bS211d
100 1 _aSánchez Féliz, Rubén,
_d1986-
_930224
245 1 3 _aEl décimo día /
_cRubén Sánchez Féliz ; prólogo José Acosta.
260 _aNew York :
_bAlcance,
_c2005.
300 _a163 p. ;
_c22 cm.
590 _aInventariado, 2020 / DG
650 0 _aNovela dominicana
_9223
650 0 _aLiteratura dominicana.
_967
700 1 _aAcosta, José,
_epról.
_922917
910 _aValidado. Control de calidad MMOLINA
999 _c12750
_d12750